<?xml version="1.0" encoding="UTF-8"?>
<record
    xmlns:xsi="http://www.w3.org/2001/XMLSchema-instance"
    xsi:schemaLocation="http://www.loc.gov/MARC21/slim http://www.loc.gov/standards/marcxml/schema/MARC21slim.xsd"
    xmlns="http://www.loc.gov/MARC21/slim">

  <leader>01841nam a2200325 i 4500</leader>
  <controlfield tag="003">DO-SdBNP</controlfield>
  <controlfield tag="005">20241206085814.0</controlfield>
  <controlfield tag="007">ta</controlfield>
  <controlfield tag="008">240521s2004    dr aco        000 0 spa d</controlfield>
  <datafield tag="020" ind1=" " ind2=" ">
    <subfield code="a">9993481521</subfield>
  </datafield>
  <datafield tag="040" ind1=" " ind2=" ">
    <subfield code="a">DO-SdBNP</subfield>
    <subfield code="b">spa</subfield>
    <subfield code="c">BNPHU</subfield>
    <subfield code="e">rda</subfield>
  </datafield>
  <datafield tag="082" ind1=" " ind2=" ">
    <subfield code="2">22</subfield>
  </datafield>
  <datafield tag="110" ind1="1" ind2=" ">
    <subfield code="a">Rep&#xFA;blica Dominicana.</subfield>
    <subfield code="b">Secretar&#xED;a de Estado de la Mujer</subfield>
    <subfield code="9">38238</subfield>
  </datafield>
  <datafield tag="245" ind1="1" ind2="0">
    <subfield code="a">Medalla al merito de la mujer :</subfield>
    <subfield code="b">conmemoraciones, reconocimientos y logros de la mujer dominicana /</subfield>
    <subfield code="c">comisi&#xF3;n organizadora Yadira Henr&#xED;quez de S&#xE1;nchez Baret, Nora Nivar de Fern&#xE1;ndez, Mercedes Lora, Finita Rodr&#xED;guez, Ylonka Nacidit Perdomo, Rafaela C&#xE9;spedes</subfield>
  </datafield>
  <datafield tag="264" ind1=" " ind2="1">
    <subfield code="a">Santo Domingo :</subfield>
    <subfield code="b">SEM,</subfield>
    <subfield code="c">2004.</subfield>
  </datafield>
  <datafield tag="300" ind1=" " ind2=" ">
    <subfield code="a">224 p&#xE1;ginas</subfield>
    <subfield code="b">ilustraciones, retratos, fotograf&#xED;as</subfield>
    <subfield code="c">31 cm.</subfield>
  </datafield>
  <datafield tag="336" ind1=" " ind2=" ">
    <subfield code="2">rdacontent</subfield>
    <subfield code="a">texto</subfield>
    <subfield code="b">txt</subfield>
  </datafield>
  <datafield tag="337" ind1=" " ind2=" ">
    <subfield code="2">rdamedia</subfield>
    <subfield code="a">sin mediaci&#xF3;n</subfield>
    <subfield code="b">n</subfield>
  </datafield>
  <datafield tag="338" ind1=" " ind2=" ">
    <subfield code="2">rdacarrier</subfield>
    <subfield code="a">volumen</subfield>
    <subfield code="b">nc</subfield>
  </datafield>
  <datafield tag="505" ind1="0" ind2=" ">
    <subfield code="t">Perfiles biogr&#xE1;ficos. Medalla al m&#xE9;rito de la mujer 2001 --</subfield>
    <subfield code="t">Perfiles biogr&#xE1;ficos. Medalla al m&#xE9;rito de la mujer 2002 --</subfield>
    <subfield code="t">Perfiles biogr&#xE1;ficos. Medalla al m&#xE9;rito de la mujer 2003 --</subfield>
    <subfield code="t">Perfiles biogr&#xE1;ficos. Medalla al m&#xE9;rito de la mujer 2004 --</subfield>
    <subfield code="t">Documentos --</subfield>
    <subfield code="t">Mensajes en el d&#xED;a internacional de la mujer --</subfield>
    <subfield code="t">Una mirada al ayer --</subfield>
    <subfield code="r">Yadira Henr&#xED;quez de S&#xE1;nchez Baret --</subfield>
    <subfield code="t">Avances de la mujer dominicana --</subfield>
    <subfield code="t">Las sufragistas --</subfield>
  </datafield>
  <datafield tag="590" ind1=" " ind2=" ">
    <subfield code="a">Inventariado, 2024/ YL</subfield>
  </datafield>
  <datafield tag="700" ind1="1" ind2=" ">
    <subfield code="a"> Henr&#xED;quez de S&#xE1;nchez Baret, Yadira</subfield>
    <subfield code="9">59363</subfield>
    <subfield code="e">comisi&#xF3;n organizadora </subfield>
  </datafield>
  <datafield tag="700" ind1="1" ind2=" ">
    <subfield code="a">Nivar de Fern&#xE1;ndez, Nora </subfield>
    <subfield code="e">comisi&#xF3;n organizadora </subfield>
    <subfield code="9">85530</subfield>
  </datafield>
  <datafield tag="700" ind1=" " ind2=" ">
    <subfield code="a"> Lora,  Mercedes</subfield>
    <subfield code="e">comisi&#xF3;n organizadora </subfield>
    <subfield code="9">49521</subfield>
  </datafield>
  <datafield tag="700" ind1=" " ind2=" ">
    <subfield code="a">Rodr&#xED;guez, Finita </subfield>
    <subfield code="e">comisi&#xF3;n organizadora </subfield>
    <subfield code="9">85531</subfield>
  </datafield>
  <datafield tag="700" ind1=" " ind2=" ">
    <subfield code="a">Nacidit Perdomo, Ylonka </subfield>
    <subfield code="e">comisi&#xF3;n organizadora </subfield>
    <subfield code="9">23142</subfield>
  </datafield>
  <datafield tag="700" ind1=" " ind2=" ">
    <subfield code="a">C&#xE9;spedes, Rafaela </subfield>
    <subfield code="e">comisi&#xF3;n organizadora </subfield>
    <subfield code="9">85532</subfield>
  </datafield>
  <datafield tag="910" ind1=" " ind2=" ">
    <subfield code="a">YLockward</subfield>
  </datafield>
  <datafield tag="942" ind1=" " ind2=" ">
    <subfield code="2">ddc</subfield>
    <subfield code="c">LBS1</subfield>
  </datafield>
  <datafield tag="952" ind1=" " ind2=" ">
    <subfield code="0">0</subfield>
    <subfield code="1">0</subfield>
    <subfield code="2">ddc</subfield>
    <subfield code="5">1</subfield>
    <subfield code="7">0</subfield>
    <subfield code="8">PD</subfield>
    <subfield code="a">BNPHU</subfield>
    <subfield code="b">BNPHU</subfield>
    <subfield code="c">CT</subfield>
    <subfield code="d">2014-12-01</subfield>
    <subfield code="e">Donado por Barbara Suncar</subfield>
    <subfield code="l">0</subfield>
    <subfield code="o"> BNPHU PD</subfield>
    <subfield code="p">2024-3097</subfield>
    <subfield code="r">2024-05-21</subfield>
    <subfield code="w">2024-05-21</subfield>
    <subfield code="y">LBS1</subfield>
    <subfield code="z">Perteneci&#xF3; a la biblioteca personal de B&#xE1;rbara Suncar</subfield>
  </datafield>
  <datafield tag="999" ind1=" " ind2=" ">
    <subfield code="c">56717</subfield>
    <subfield code="d">56717</subfield>
  </datafield>
</record>
